| 000 | 00644nam a22001937a 4500 | ||
|---|---|---|---|
| 003 | OSt | ||
| 005 | 20251024052539.0 | ||
| 008 | 251024b |||||||| |||| 00| 0 eng d | ||
| 020 | _a978-971-0445-49-3. | ||
| 040 |
_aDWCL-Admin lib _cOC |
||
| 082 | _aFil. 899.211 M321p 2009 | ||
| 100 | _aMarcos, Lucivilla L. | ||
| 245 |
_a Philippine literary heritage: from Spanish period to present / _cLucivilla L. Marcos |
||
| 260 |
_aManila : _bMindshapers Co. , Inc. _cc2009. |
||
| 300 |
_a ix, 341 p. ; _c25 cm. |
||
| 504 | _aIncludes bibliographical references. | ||
| 650 | _a1. Literature-Collections-Philippines. | ||
| 942 |
_2ddc _cBK - FIL _kFil. _n0 |
||
| 999 |
_c5098 _d5098 |
||